Experimentálne zariadenie na výskum riadenia procesov vykurovania, vetrania a klimatizácie v budovách

Salvato in:
Dettagli Bibliografici
Autore principale: Minarčík, Peter (Autore)
Altri autori: Gulan, Martin (Relatore della tesi)
Natura: Manoscritto Libro
Lingua:slovacco
Pubblicazione: 2018
Soggetti:
Accesso online:http://is.stuba.sk/zp/portal_zp.pl?podrobnosti=138262
Tags: Aggiungi Tag
Nessun Tag, puoi essere il primo ad aggiungerne!!

MARC

LEADER 00000ntm a22000003a 4500
001 stuzp69570
003 SK-STU
005 20180820161609.9
007 ta
008 150427s2015----xo-----f-mn---000-0-slo-d
040 |a STU  |b slo 
041 0 |a slo 
100 1 |a Minarčík, Peter  |u 020020  |4 aut  |U SjF Strojnícka fakulta  |T SjF Ústav automatizácie, merania a aplikovanej informatiky  |X 63178  |U J0020  |Y 802  |7 63178 
242 0 1 |a Experimental device for control of heating and air-conditioning processes in buildings  |y eng 
245 1 0 |a Experimentálne zariadenie na výskum riadenia procesov vykurovania, vetrania a klimatizácie v budovách 
260 |c 2018 
650 4 |a HVAC  |2 slo 
650 4 |a DCU  |2 slo 
650 4 |a zvlhčovanie  |2 slo 
650 4 |a vetranie  |2 slo 
650 4 |a vykurovanie  |2 slo 
650 4 |a HVAC  |2 eng 
650 4 |a DCU  |2 eng 
650 4 |a humidification  |2 eng 
650 4 |a heating  |2 eng 
650 4 |a ventilation  |2 eng 
700 1 |a Gulan, Martin  |u 020020  |k Z1  |4 ths  |U SjF Strojnícka fakulta  |T SjF Ústav automatizácie, merania a aplikovanej informatiky  |X 49587  |U J0020  |Y 802  |7 A000049587 
856 4 |u http://is.stuba.sk/zp/portal_zp.pl?podrobnosti=138262 
996 |b 284J046073  |c J* 3183/DDP  |l JJSK  |s A  |a 24  |w stuzp69570_0001